000 00622nam a22001937a 4500
001 3003
003 BD-DhBUF
005 20260218125020.0
008 260218b bg ||||| |||| 00| 0 ben d
020 _a0575041773
040 _aBD-DhBUF
_cBD-DhBUF
100 _aElkington, John
_925
245 _aThe green consumer guide :
_cJohn Elkington and Julia Hailes/
_bfrom shampoo to champagne high-street shopping for a better environment /
260 _aLondon :
_bVictor Gollancz,
_c1988.
300 _a342p. :
_c19cm. ;
650 _aConsumer education - Great Britain
_9512
700 _aHailes, Julia
_94334
942 _2ddc
_cBK
999 _c3003
_d3003